| 000 | 00995cam a2200289 i 4500 | ||
|---|---|---|---|
| 999 |
_c17724 _d17724 |
||
| 001 | 1749634 | ||
| 003 | BDDh-ASL | ||
| 005 | 20231015025630.0 | ||
| 008 | 750929s1974 ilub b 001 0 eng | ||
| 010 | _a 75325359 | ||
| 020 |
_a0226346811 : _c$20.00 |
||
| 040 |
_aDLC _cDLC _dBDDh-ASL |
||
| 043 | _aaw----- | ||
| 050 | 0 | 0 |
_aDS36.85 _b.H63 vol. 3 _aDS62.4 |
| 082 | 0 | 0 |
_a297 _bHOV |
| 100 | 1 | _aHodgson, Marshall G. S. | |
| 245 | 1 | 4 |
_aThe Venture of Islam: _bConscience and History in a World Civilization, V-3- The Gunpowder Empires and Modern Times _cMarshall G. S. Hodgson. |
| 260 |
_aChicago : _bUniversity of Chicago Press, _c1974. |
||
| 300 |
_avi, 469 p. : _bmaps ; _c24 cm. |
||
| 490 | 0 | _aHis The venture of Islam ; v. 3 | |
| 504 | _aIncludes bibliographical references and index. | ||
| 650 | 0 | _aIslamic civilization. | |
| 651 | 0 |
_aMiddle East _xHistory _y1517- |
|
| 651 | 0 |
_aMiddle East _xCivilization. |
|
| 906 |
_a7 _bcbc _corignew _d2 _encip _f19 _gy-gencatlg |
||
| 942 |
_2ddc _cBK |
||